[Event "Scarborough CC-ch Reserves"]
[Site "Toronto"]
[Date "2012.04.26"]
[Round "6"]
[White "Karpik, Steve"]
[Black "Thanabalachandran, Kajan"]
[Result "1-0"]
[WhiteElo "1447"]
[BlackElo "1548"]
[PlyCount "61"]
[EventDate "2012.03.22"]
[EventType "swiss"]
[EventRounds "9"]
[EventCountry "CAN"]
[SourceTitle "EXT 2022"]
[Source "ChessBase"]
[SourceDate "2021.10.06"]
[SourceVersion "1"]
[SourceVersionDate "2021.10.06"]
[SourceQuality "1"]

1. Nf3 c5 2. c4 Nc6 3. g3 g6 4. Nc3 Nf6 5. Bg2 Bg7 6. 0-0 0-0 7. d3 d6 8. Bd2 Bd7 9. Qc1 Re8 10. a3 Na5 11. Qd1 Qb6 12. Rb1 Nb3 13. Be3 Ng4 14. Nd5 Nxe3 15. fxe3 Qa5 16. Qxb3 Ba4 17. Qxb7 e6 18. b4 Qd8 19. bxc5 exd5 20. Qxd5 dxc5 21. Ng5 Rc8 22. Nxf7 Qe7 23. Nd6+ Kh8 24. Nxc8 Qxe3+ 25. Kh1 Rxc8 26. Qe4 Qg5 27. Qb7 Re8 28. Bf3 Re7 29. Qb8+ Re8 30. Qxa7 Bc2 31. Rb7 1-0

[Event "Scarborough CC-ch Reserves"]
[Site "Toronto"]
[Date "2012.03.29"]
[Round "2"]
[White "Pishdad, Hassan"]
[Black "Karpik, Steve"]
[Result "0-1"]
[WhiteElo "1394"]
[BlackElo "1447"]
[PlyCount "108"]
[EventDate "2012.03.22"]
[EventType "swiss"]
[EventRounds "9"]
[EventCountry "CAN"]
[SourceTitle "EXT 2022"]
[Source "ChessBase"]
[SourceDate "2021.10.06"]
[SourceVersion "1"]
[SourceVersionDate "2021.10.06"]
[SourceQuality "1"]

1. d4 Nf6 2. c4 g6 3. Nc3 Bg7 4. e3 0-0 5. Nf3 d5 6. Bd3 c6 7. h3 Re8 8. 0-0 Nbd7 9. cxd5 Nxd5 10. Nxd5 cxd5 11. Bb5 a6 12. Qa4 Nb6 13. Qa5 axb5 14. Qxb5 Bd7 15. Qc5 e6 16. b3 Bf8 17. Qc2 Bb5 18. Rd1 Bb4 19. a3 Rc8 20. Qa2 Bc3 21. Rb1 Rc7 22. a4 Ba6 23. Ba3 f6 24. Rdc1 Qd7 25. Bc5 Ba5 26. Bxb6 Bxb6 27. a5 Ba7 28. Qd2 Rec8 29. Rxc7 Rxc7 30. Rc1 b6 31. Nh2 bxa5 32. Ng4 Kg7 33. Rc3 Qc8 34. Rxc7+ Qxc7 35. f4 h5 36. Nf2 Bb6 37. Nd3 Bxd3 38. Qxd3 f5 39. Kh2 g5 40. g3 g4 41. h4 Kf6 42. Kg2 Qc6 43. Qb1 Bc7 44. Qa2 Qc3 45. Kf2 Bd6 46. Ke2 Bb4 47. Kf2 Qd2+ 48. Qxd2 Bxd2 49. Ke2 Bb4 50. Kf1 Ke7 51. Ke2 Kd6 52. Kf1 Kc6 53. Ke2 Kb5 54. Kf2 Ba3 0-1

[Event "Scarborough CC-ch Reserves"]
[Site "Toronto"]
[Date "2012.03.22"]
[Round "1"]
[White "Karpik, Steve"]
[Black "Verde, Pino"]
[Result "0-1"]
[WhiteElo "1447"]
[BlackElo "1568"]
[PlyCount "138"]
[EventDate "2012.03.22"]
[EventType "swiss"]
[EventRounds "9"]
[EventCountry "CAN"]
[SourceTitle "EXT 2022"]
[Source "ChessBase"]
[SourceDate "2021.10.06"]
[SourceVersion "1"]
[SourceVersionDate "2021.10.06"]
[SourceQuality "1"]

1. Nf3 d6 2. g3 Nf6 3. Bg2 c6 4. Nc3 e5 5. d3 Bg4 6. 0-0 Qc8 7. Bg5 Be7 8. Qc1 Bh3 9. e4 h6 10. Bd2 Bxg2 11. Kxg2 g5 12. a3 Qg4 13. Qd1 Nh5 14. Ng1 Nf4+ 15. Bxf4 Qxd1 16. Raxd1 gxf4 17. Nf3 Rg8 18. Ne2 Nd7 19. Kh1 0-0-0 20. Rg1 Nf6 21. h3 fxg3 22. Nxg3 Nh7 23. Nf5 Bg5 24. Nxg5 Rxg5 25. Nxh6 Rh5 26. Nf5 Ng5 27. h4 Nf3 28. Rg4 Rdh8 29. Rg8+ Rxg8 30. Ne7+ Kc7 31. Nxg8 Rxh4+ 32. Kg2 Nd4 33. Nf6 Nxc2 34. Rc1 Nd4 35. Nd5+ Kd8 36. Ne3 Ne2 37. Rd1 Nf4+ 38. Kf3 Rh3+ 39. Kg4 Rh7 40. Nf5 Kc7 41. d4 f6 42. dxe5 dxe5 43. Nd6 Rg7+ 44. Kf3 Re7 45. Nf5 Rd7 46. Ne3 b5 47. Rxd7+ Kxd7 48. b4 Nd3 49. Ke2 Nc1+ 50. Kd2 Nb3+ 51. Kc3 Nd4 52. Kd3 Ke6 53. f4 a6 54. f5+ Kf7 55. Ng4 Kg7 56. Kc3 Ne2+ 57. Kd2 Ng3 58. Kd3 Nh5 59. Ke3 Kf7 60. Kd3 Ke7 61. Kd2 Kd6 62. Ne3 c5 63. bxc5+ Kxc5 64. Nd5 a5 65. Kc3 Kd6 66. Kd3 Nf4+ 67. Nxf4 exf4 68. Kd4 f3 69. Ke3 Ke5 0-1

[Event "Scarborough CC Winter End U1800"]
[Site "Toronto"]
[Date "2012.02.16"]
[Round "1"]
[White "Guo, Tan"]
[Black "Karpik, Steve"]
[Result "0-1"]
[WhiteElo "1642"]
[BlackElo "1431"]
[PlyCount "72"]
[EventDate "2012.02.16"]
[EventType "swiss"]
[EventRounds "5"]
[EventCountry "CAN"]
[SourceTitle "EXT 2022"]
[Source "ChessBase"]
[SourceDate "2021.10.06"]
[SourceVersion "1"]
[SourceVersionDate "2021.10.06"]
[SourceQuality "1"]

1. e4 d6 2. d4 Nf6 3. Nc3 g6 4. Nf3 Bg7 5. Be2 0-0 6. 0-0 a6 7. a4 Nc6 8. Bf4 Re8 9. Re1 Kh8 10. Bc4 e6 11. e5 Ng8 12. Ng5 Nh6 13. h4 d5 14. Be2 Ne7 15. h5 Rf8 16. Qd2 Neg8 17. Nd1 Nf5 18. Ne3 Nxe3 19. Qxe3 h6 20. Nh3 g5 21. Nxg5 hxg5 22. Bxg5 f6 23. Bf4 fxe5 24. dxe5 Qh4 25. g4 Bd7 26. Ra3 d4 27. Qd2 Bc6 28. f3 Rxf4 29. Qxf4 Bh6 30. Qf7 Qxe1+ 31. Bf1 Qg3+ 32. Bg2 Be3+ 33. Rxe3 dxe3 34. h6 Qf2+ 35. Kh1 Qh4+ 36. Kg1 Qxh6 0-1

[Event "Scarborough CC Frost U1800"]
[Site "Toronto"]
[Date "2012.01.05"]
[Round "1"]
[White "Karpik, Steve"]
[Black "Armstrong, Robert J"]
[Result "0-1"]
[WhiteElo "1495"]
[BlackElo "1699"]
[PlyCount "88"]
[EventDate "2012.01.05"]
[EventType "swiss"]
[EventRounds "6"]
[EventCountry "CAN"]
[SourceTitle "EXT 2022"]
[Source "ChessBase"]
[SourceDate "2021.10.06"]
[SourceVersion "1"]
[SourceVersionDate "2021.10.06"]
[SourceQuality "1"]

1. Nf3 g6 2. g3 Bg7 3. c4 c5 4. Bg2 Nf6 5. Nc3 0-0 6. 0-0 e6 7. d3 d5 8. cxd5 exd5 9. Rb1 Nc6 10. a3 a5 11. Bf4 Bf5 12. Nh4 Bg4 13. Nb5 b6 14. h3 Bd7 15. Bc7 Qc8 16. Bxb6 Ne5 17. Nc7 Rb8 18. Bxc5 Qxc7 19. Bxf8 Kxf8 20. Qd2 a4 21. Rfc1 Qd6 22. Qf4 Nh5 23. Qe3 Nc6 24. Qc5 Qxc5 25. Rxc5 Rxb2 26. Rxb2 Bxb2 27. Rxd5 Ke7 28. Rc5 Nd4 29. e3 Ne6 30. Ra5 Bxa3 31. Ra7 Bc5 32. Rb7 a3 33. Bd5 Bd6 34. Ra7 Nf6 35. Ba2 Bc5 36. Rb7 Nd8 37. Rb1 Bxh3 38. d4 Bd6 39. Nf3 Bf5 40. Ra1 Ne4 41. Ne1 Nc3 42. Bc4 Nc6 43. Nd3 Na5 44. Nc1 Nxc4 0-1

[Event "Scarborough CC Howard Ridout U1800"]
[Site "Toronto"]
[Date "2011.10.27"]
[Round "6"]
[White "Li, Michael"]
[Black "Karpik, Steve"]
[Result "0-1"]
[WhiteElo "1445"]
[BlackElo "1425"]
[PlyCount "98"]
[EventDate "2011.09.08"]
[EventType "swiss"]
[EventRounds "6"]
[EventCountry "CAN"]
[SourceTitle "EXT 2022"]
[Source "ChessBase"]
[SourceDate "2021.10.06"]
[SourceVersion "1"]
[SourceVersionDate "2021.10.06"]
[SourceQuality "1"]

1. e4 d6 2. d4 Nf6 3. Nc3 g6 4. Nf3 Bg7 5. Bc4 0-0 6. 0-0 a6 7. a4 Bd7 8. Bf4 Nc6 9. Qd2 Kh8 10. h3 Qc8 11. Rfe1 Nh5 12. Be3 e6 13. Be2 e5 14. d5 Ne7 15. Nb1 f5 16. exf5 Nxf5 17. g4 Nxe3 18. gxh5 Bxh3 19. Nxe5 Bxe5 20. Qxe3 Bf5 21. Nc3 Qd8 22. f4 Bxc3 23. Qxc3+ Qf6 24. Ra3 Rae8 25. Kf2 Kg8 26. Qxf6 Rxf6 27. Rc3 Rf7 28. hxg6 Bxg6 29. Kg3 Re4 30. Rc4 Rfxf4 31. Rxc7 Rf7 32. Rc4 Re3+ 33. Kg2 Be4+ 34. Rxe4 Rxe4 35. b3 h5 36. Kg3 h4+ 37. Kg2 Rg7+ 38. Kf3 Re5 39. Kf2 h3 40. Rh1 Rg2+ 41. Kf3 Rexe2 42. Rxh3 Rxc2 43. Rh6 Rg7 44. Rxd6 Rc3+ 45. Ke4 Re7+ 46. Kd4 Rxb3 47. Kc4 Rb1 48. Rf6 b5+ 49. axb5 axb5+ 0-1

[Event "Scarborough CC Howard Ridout U1800"]
[Site "Toronto"]
[Date "2011.10.20"]
[Round "5"]
[White "Karpik, Steve"]
[Black "Aghamalian, Derick"]
[Result "1-0"]
[WhiteElo "1425"]
[BlackElo "1604"]
[PlyCount "73"]
[EventDate "2011.09.08"]
[EventType "swiss"]
[EventRounds "6"]
[EventCountry "CAN"]
[SourceTitle "EXT 2022"]
[Source "ChessBase"]
[SourceDate "2021.10.06"]
[SourceVersion "1"]
[SourceVersionDate "2021.10.06"]
[SourceQuality "1"]

1. Nf3 d5 2. c4 Nf6 3. g3 Bf5 4. d3 e6 5. Bg2 dxc4 6. Qa4+ Qd7 7. Qxd7+ Nbxd7 8. dxc4 Rd8 9. Bf4 Bd6 10. Bxd6 cxd6 11. Nc3 b6 12. Nb5 Nc5 13. Rd1 d5 14. Nc7+ Kd7 15. Nb5 Ke8 16. Ne5 Na6 17. cxd5 exd5 18. Nc6 Rd7 19. 0-0 Be6 20. Nbxa7 Nc7 21. Nc8 Na8 22. Rc1 Rc7 23. N6a7 Bxc8 24. Rxc7 Nxc7 25. Nxc8 Nd7 26. Rc1 Kd8 27. Nd6 Rf8 28. Nb7+ Kc8 29. Nd6+ Kb8 30. Nf5 g6 31. Ne7 Re8 32. Nc6+ Kb7 33. e3 Nc5 34. Nb4 Rd8 35. Rd1 Ne4 36. Bxe4 f5 37. Bg2 1-0

[Event "Scarborough CC Howard Ridout U1800"]
[Site "Toronto"]
[Date "2011.10.13"]
[Round "4"]
[White "Bellomo, Joe"]
[Black "Karpik, Steve"]
[Result "1/2-1/2"]
[WhiteElo "1607"]
[BlackElo "1425"]
[PlyCount "92"]
[EventDate "2011.09.08"]
[EventType "swiss"]
[EventRounds "6"]
[EventCountry "CAN"]
[SourceTitle "EXT 2022"]
[Source "ChessBase"]
[SourceDate "2021.10.06"]
[SourceVersion "1"]
[SourceVersionDate "2021.10.06"]
[SourceQuality "1"]

1. e4 d6 2. Nf3 Nf6 3. Nc3 g6 4. d4 Bg7 5. Be2 0-0 6. 0-0 Nbd7 7. Bd2 a6 8. Qc1 c5 9. Bh6 b5 10. Bxg7 Kxg7 11. e5 dxe5 12. dxe5 Ng4 13. Qf4 Nb6 14. h3 Nh6 15. Rad1 Qc7 16. Ng5 Bb7 17. Rfe1 Nf5 18. Bg4 Nh4 19. Bf3 Nxf3+ 20. Nxf3 Bxf3 21. Qxf3 Rad8 22. Nd5 Nxd5 23. Rxd5 Rxd5 24. Qxd5 Rd8 25. Qe4 Rd4 26. Qe3 Qd8 27. Kh2 Qd5 28. f4 Rd2 29. Re2 Rxe2 30. Qxe2 Qd4 31. Qg4 h6 32. c3 Qe4 33. Qg3 f6 34. exf6+ exf6 35. Qf2 g5 36. fxg5 Qe5+ 37. Qg3 Qxg3+ 38. Kxg3 fxg5 39. Kf3 Kf6 40. Ke4 Ke6 41. b3 h5 42. a3 a5 43. g4 h4 44. c4 bxc4 45. bxc4 a4 46. Kf3 Kf6 1/2-1/2

[Event "Canadian op U1600 48th"]
[Site "Toronto"]
[Date "2011.07.11"]
[Round "3"]
[White "Muntaner, Daniel"]
[Black "Karpik, Steve"]
[Result "0-1"]
[WhiteElo "1252"]
[BlackElo "1482"]
[PlyCount "96"]
[EventDate "2011.07.09"]
[EventType "swiss"]
[EventRounds "9"]
[EventCountry "CAN"]
[SourceTitle "EXT 2022"]
[Source "ChessBase"]
[SourceDate "2021.10.06"]
[SourceVersion "1"]
[SourceVersionDate "2021.10.06"]
[SourceQuality "1"]

1. e4 d6 2. d4 Nf6 3. Nc3 g6 4. Nf3 Bg7 5. Bd3 0-0 6. 0-0 a6 7. Be3 Nbd7 8. Bf4 c5 9. e5 dxe5 10. Nxe5 cxd4 11. Nxd7 Qxd7 12. Ne2 Re8 13. Ng3 e5 14. Bg5 e4 15. Bxf6 exd3 16. Bxg7 dxc2 17. Qxc2 Kxg7 18. Rad1 Rd8 19. Ne2 d3 20. Rxd3 Qxd3 21. Qxd3 Rxd3 22. Nf4 Rd2 23. h3 Rxb2 24. Rd1 Bf5 25. g4 Be4 26. Rd4 Rb1+ 27. Kh2 Rh1+ 28. Kg3 Bc6 29. f3 Re8 30. Rd2 Re3 31. Rf2 Rc1 32. Ng2 Ra3 33. Nf4 Rcc3 34. Ne2 Rxf3+ 35. Rxf3 Rxf3+ 36. Kg2 Ra3+ 37. Kg1 Rxa2 38. Nd4 a5 39. Nxc6 bxc6 40. Kf1 a4 41. Ke1 a3 42. Kd1 Rb2 43. Kc1 c5 44. h4 c4 45. g5 c3 46. h5 a2 47. h6+ Kf8 48. Kd1 a1Q# 0-1

[Event "Scarborough CC Spring Into Summer U1700"]
[Site "Toronto"]
[Date "2011.06.16"]
[Round "7"]
[White "Zhang, Taylor"]
[Black "Karpik, Steve"]
[Result "1/2-1/2"]
[WhiteElo "1102"]
[BlackElo "1483"]
[PlyCount "96"]
[EventDate "2011.04.28"]
[EventType "swiss"]
[EventRounds "9"]
[EventCountry "CAN"]
[SourceTitle "EXT 2022"]
[Source "ChessBase"]
[SourceDate "2021.10.06"]
[SourceVersion "1"]
[SourceVersionDate "2021.10.06"]
[SourceQuality "1"]

1. e4 d6 2. Nc3 Nf6 3. Nf3 g6 4. d4 Bg7 5. Bc4 0-0 6. 0-0 a6 7. Bg5 b5 8. Bb3 Bb7 9. Re1 Nbd7 10. e5 dxe5 11. dxe5 Ng4 12. e6 Ndf6 13. exf7+ Kh8 14. Qe2 Nh6 15. Rad1 Qc8 16. Qxe7 Nf5 17. Qe2 Nd6 18. Rxd6 cxd6 19. Qe7 Bxf3 20. Qxf6 Qg4 21. Qxf3 Qxg5 22. h3 h6 23. Qc6 Be5 24. Qe4 Qd2 25. Rd1 Qg5 26. Rf1 Qf4 27. Qxf4 Bxf4 28. Rd1 Rad8 29. a3 Be5 30. Ne2 Bxb2 31. Nf4 Bxa3 32. Nxg6+ Kg7 33. Nxf8 Kxf8 34. Ra1 b4 35. Rd1 a5 36. Rd3 a4 37. Bxa4 Kxf7 38. Bb3+ Kf6 39. Rf3+ Kg5 40. g3 Bb2 41. Bf7 Be5 42. Rd3 Kf6 43. f4 Bc3 44. Bc4 Ke7 45. Re3+ Kf8 46. Rd3 Ke7 47. Re3+ Kf8 48. Rd3 Ke7 1/2-1/2

[Event "Scarborough CC-ch Reserves U1700"]
[Site "Toronto"]
[Date "2011.04.07"]
[Round "7"]
[White "Karpik, Steve"]
[Black "Rodriguez, Sergio1111"]
[Result "0-1"]
[WhiteElo "1535"]
[BlackElo "1092"]
[PlyCount "84"]
[EventDate "2011.02.24"]
[EventType "swiss"]
[EventRounds "9"]
[EventCountry "CAN"]
[SourceTitle "EXT 2022"]
[Source "ChessBase"]
[SourceDate "2021.10.06"]
[SourceVersion "1"]
[SourceVersionDate "2021.10.06"]
[SourceQuality "1"]

1. Nf3 c5 2. c4 Nc6 3. g3 Nf6 4. Nc3 b6 5. Bg2 Bb7 6. 0-0 a6 7. b3 Nd4 8. Nxd4 Bxg2 9. Kxg2 cxd4 10. Na4 e5 11. d3 d5 12. Bg5 Be7 13. Kg1 0-0 14. Bxf6 Bxf6 15. cxd5 b5 16. Nc5 Qxd5 17. Ne4 Be7 18. a3 f5 19. Nd2 Bg5 20. b4 Rfe8 21. Qb3 Rad8 22. Rfe1 Bxd2 23. Qxd5+ Rxd5 24. Red1 Bc3 25. Ra2 g5 26. Rc2 f4 27. e4 fxe3 28. fxe3 Rc8 29. Rdc1 h5 30. h3 Rd7 31. Kg2 Rf7 32. Rf1 dxe3 33. Rxf7 Kxf7 34. Kf3 Ke6 35. Ke4 g4 36. h4 Rc6 37. Re2 Bd2 38. Rg2 Rc1 39. d4 exd4 40. Kxd4 Rc3 41. Re2 Rxa3 42. Kc5 Ke5 0-1

[Event "Scarborough CC-ch Reserves U1700"]
[Site "Toronto"]
[Date "2011.03.17"]
[Round "4"]
[White "Vyravanathan, Sobiga"]
[Black "Karpik, Steve"]
[Result "0-1"]
[WhiteElo "1309"]
[BlackElo "1535"]
[PlyCount "158"]
[EventDate "2011.02.24"]
[EventType "swiss"]
[EventRounds "9"]
[EventCountry "CAN"]
[SourceTitle "EXT 2022"]
[Source "ChessBase"]
[SourceDate "2021.10.06"]
[SourceVersion "1"]
[SourceVersionDate "2021.10.06"]
[SourceQuality "1"]

1. e4 d6 2. d4 Nf6 3. Nc3 g6 4. Nf3 Bg7 5. Be2 0-0 6. 0-0 Nc6 7. Bg5 a6 8. h3 Bd7 9. a3 Qc8 10. Re1 Re8 11. Qd2 e5 12. d5 Ne7 13. Bxf6 Bxf6 14. Qh6 Kh8 15. Rad1 Ng8 16. Qe3 Bg7 17. Qg5 Qd8 18. Kh1 f5 19. Qxd8 Raxd8 20. Ng5 Nh6 21. Kg1 Kg8 22. Kh1 Bf6 23. Nf3 f4 24. Kg1 Kf7 25. Kf1 Rg8 26. Nd2 Rdf8 27. Nb3 Ke8 28. Bd3 Bh4 29. Be2 g5 30. Bh5+ Kd8 31. Nd2 g4 32. hxg4 Bxg4 33. Bxg4 Nxg4 34. Re2 Nh2+ 35. Kg1 f3 36. Ree1 Rxg2+ 37. Kh1 Rfg8 38. Rg1 Ng4 39. Rxg2 fxg2+ 40. Kxg2 Ne3+ 41. Kh3 Nxd1 42. Nxd1 Bg5 43. Nf3 Bc1 44. Kh2 Rf8 45. Kg2 h6 46. Nh4 Rg8+ 47. Kh3 Rg1 48. Nc3 Bxb2 49. Ne2 Re1 50. Ng3 Bxa3 51. Nhf5 Bc1 52. Kh4 a5 53. Ne3 Bxe3 54. fxe3 Rxe3 55. Nf1 Rxe4+ 56. Kh5 a4 57. Nd2 Rd4 58. Nb1 Rxd5 59. Kxh6 Ra5 60. Kg5 a3 61. Nxa3 Rxa3 62. Kf5 Rc3 63. Ke4 Rxc2 64. Kd3 Rc6 65. Ke4 b5 66. Kd5 Rc1 67. Ke4 b4 68. Kd3 b3 69. Kd2 Rc6 70. Kd3 b2 71. Ke4 b1Q+ 72. Kd5 Rc5+ 73. Ke6 Qb3+ 74. Kf6 Qc4 75. Kg5 Qf4+ 76. Kg6 e4 77. Kh7 Qf6 78. Kg8 Rg5+ 79. Kh7 Qg7# 0-1

[Event "Scarborough CC Falling Leaves U1700"]
[Site "Toronto"]
[Date "2010.12.09"]
[Round "7"]
[White "Karpik, Steve"]
[Black "Smith, Maurice"]
[Result "1-0"]
[WhiteElo "1594"]
[BlackElo "1563"]
[PlyCount "45"]
[EventDate "2010.10.28"]
[EventType "swiss"]
[EventRounds "7"]
[EventCountry "CAN"]
[SourceTitle "EXT 2022"]
[Source "ChessBase"]
[SourceDate "2021.10.06"]
[SourceVersion "1"]
[SourceVersionDate "2021.10.06"]
[SourceQuality "1"]

1. Nf3 d5 2. c4 c6 3. b3 Nf6 4. Bb2 g6 5. g3 Bg7 6. Bg2 0-0 7. 0-0 Bf5 8. d3 Nbd7 9. Qd2 Re8 10. Nd4 Be6 11. Nxe6 fxe6 12. Nc3 Rf8 13. Rad1 Qc7 14. Rc1 d4 15. Ne4 Nxe4 16. Bxe4 e5 17. b4 Rad8 18. c5 Nf6 19. Bg2 Ng4 20. Qd1 Qd7 21. Bh3 Nxf2 22. Qb3+ Qd5 23. Be6+ 1-0

[Event "Scarborough CC Falling Leaves U1700"]
[Site "Toronto"]
[Date "2010.12.02"]
[Round "6"]
[White "Aghamalian, Derick"]
[Black "Karpik, Steve"]
[Result "0-1"]
[WhiteElo "1464"]
[BlackElo "1594"]
[PlyCount "80"]
[EventDate "2010.10.28"]
[EventType "swiss"]
[EventRounds "7"]
[EventCountry "CAN"]
[SourceTitle "EXT 2022"]
[Source "ChessBase"]
[SourceDate "2021.10.06"]
[SourceVersion "1"]
[SourceVersionDate "2021.10.06"]
[SourceQuality "1"]

1. e4 d6 2. d4 Nf6 3. Nc3 g6 4. Nf3 Bg7 5. Bf4 0-0 6. Be2 Nbd7 7. 0-0 c5 8. d5 a6 9. a4 Qb6 10. b3 Ng4 11. Qd3 Nge5 12. Nxe5 Nxe5 13. Bxe5 Bxe5 14. Kh1 Qa5 15. Na2 Bxa1 16. Rxa1 Bd7 17. c4 Qc7 18. Nc3 f5 19. f3 fxe4 20. Nxe4 Bf5 21. Qe3 Bxe4 22. Qxe4 Qd7 23. Re1 Rae8 24. Bd3 Rf6 25. Qg4 Qxg4 26. fxg4 e5 27. dxe6 Rexe6 28. Rxe6 Rxe6 29. Kg1 a5 30. Kf2 Kf7 31. Be2 g5 32. Bf3 Rf6 33. Ke2 b6 34. Ke3 Re6+ 35. Kd3 Kf6 36. Be4 h6 37. g3 Ke5 38. Ke3 Rf6 39. Bg2 Rf8 40. Kd3 Rf2 0-1

[Event "Toronto Howard Ridout Swiss U1700"]
[Site "Toronto"]
[Date "2010.10.21"]
[Round "6"]
[White "Philip, Andrew"]
[Black "Karpik, Steve"]
[Result "1/2-1/2"]
[WhiteElo "1588"]
[BlackElo "1581"]
[PlyCount "104"]
[EventDate "2010.09.09"]
[EventType "swiss"]
[EventRounds "6"]
[EventCountry "CAN"]
[SourceTitle "EXT 2022"]
[Source "ChessBase"]
[SourceDate "2021.10.06"]
[SourceVersion "1"]
[SourceVersionDate "2021.10.06"]
[SourceQuality "1"]

1. d4 Nf6 2. Bg5 g6 3. c4 d6 4. Nc3 Bg7 5. e4 Nc6 6. Nf3 0-0 7. h3 e5 8. Be3 exd4 9. Nxd4 Nxd4 10. Bxd4 Be6 11. Be2 a6 12. 0-0 Nd7 13. Bxg7 Kxg7 14. Qd4+ Qf6 15. Qe3 Ne5 16. b3 Nc6 17. Rad1 Rad8 18. Rd2 Rfe8 19. Rfd1 Qh4 20. Nd5 Bxd5 21. cxd5 Ne5 22. f4 Nd7 23. Rd4 f6 24. Bf1 f5 25. e5 Nc5 26. Bd3 Nxd3 27. R1xd3 Re7 28. Qf3 Qe1+ 29. Kh2 dxe5 30. Re3 Qh4 31. g3 Qf6 32. Qe2 e4 33. Qc4 c6 34. Qc5 cxd5 35. Qc3 Red7 36. Re2 Rd6 37. Red2 Rc6 38. Qa5 e3 39. R2d3 Rc2+ 40. Kg1 Rc1+ 41. Kg2 e2 42. Kf2 e1Q+ 43. Qxe1 Rxe1 44. Kxe1 Qc6 45. Ke2 Rc8 46. Rxd5 Qc2+ 47. Ke3 Qh2 48. a4 Qxg3+ 49. Ke2 Qg2+ 50. Ke1 Rc1+ 51. Rd1 Qe4+ 52. Kf2 Rc3 1/2-1/2

[Event "Toronto Howard Ridout Swiss U1700"]
[Site "Toronto"]
[Date "2010.09.09"]
[Round "1"]
[White "Pishdad, Hassan"]
[Black "Karpik, Steve"]
[Result "0-1"]
[WhiteElo "1322"]
[BlackElo "1581"]
[PlyCount "93"]
[EventDate "2010.09.09"]
[EventType "swiss"]
[EventRounds "6"]
[EventCountry "CAN"]
[SourceTitle "EXT 2022"]
[Source "ChessBase"]
[SourceDate "2021.10.06"]
[SourceVersion "1"]
[SourceVersionDate "2021.10.06"]
[SourceQuality "1"]

1. d4 Nf6 2. c4 d6 3. Nf3 g6 4. g3 Bg7 5. Bg2 c6 6. 0-0 0-0 7. Nc3 Na6 8. h3 d5 9. cxd5 Nxd5 10. e3 Nxc3 11. bxc3 Nc7 12. a4 Bd7 13. Ba3 Re8 14. c4 Qc8 15. Kh2 Rb8 16. Rb1 Bf5 17. Ra1 Na6 18. Ng5 h6 19. Ne4 Nc7 20. Bb2 Na6 21. Qb3 b6 22. Rab1 c5 23. d5 Qc7 24. Bxg7 Kxg7 25. Qc3+ Kh7 26. Rbd1 Bxe4 27. Bxe4 Rbd8 28. Bg2 e5 29. dxe6 Rxe6 30. Bd5 Red6 31. e4 Re8 32. Qf3 Re7 33. Qg2 Nb4 34. f4 Nxd5 35. exd5 Qd7 36. Qc2 Qe8 37. Rf2 f5 38. h4 h5 39. Kh3 Re4 40. Ra1 Qh8 41. Qb2 Qxb2 42. Rxb2 Rxc4 43. Re1 Rxa4 44. Rd2 Re4 45. Rc1 c4 46. Rc3 b5 47. Rb2 0-1

[Event "Scarborough CC LH Summer U1700"]
[Site "Toronto"]
[Date "2010.06.24"]
[Round "8"]
[White "Rogers, Michael"]
[Black "Karpik, Steve"]
[Result "0-1"]
[WhiteElo "1536"]
[BlackElo "1494"]
[PlyCount "28"]
[EventDate "2010.04.29"]
[EventType "swiss"]
[EventRounds "8"]
[EventCountry "CAN"]
[SourceTitle "EXT 2022"]
[Source "ChessBase"]
[SourceDate "2021.10.06"]
[SourceVersion "1"]
[SourceVersionDate "2021.10.06"]
[SourceQuality "1"]

1. e4 d6 2. d4 Nf6 3. Nc3 g6 4. Be3 Bg7 5. Bd3 0-0 6. f4 Ng4 7. Qd2 Nxe3 8. Qxe3 Nc6 9. Nf3 Bg4 10. e5 Bxf3 11. gxf3 e6 12. 0-0-0 Qh4 13. Nb5 dxe5 14. fxe5 Bh6 0-1

[Event "Toronto Ontario U1600 op"]
[Site "Toronto"]
[Date "2010.05.23"]
[Round "4"]
[White "Li, Qiuang"]
[Black "Karpik, Steve"]
[Result "1-0"]
[WhiteElo "1539"]
[BlackElo "1494"]
[PlyCount "133"]
[EventDate "2010.05.22"]
[EventType "tourn"]
[EventRounds "6"]
[EventCountry "CAN"]
[SourceTitle "EXT 2022"]
[Source "ChessBase"]
[SourceDate "2021.10.06"]
[SourceVersion "1"]
[SourceVersionDate "2021.10.06"]
[SourceQuality "1"]

1. d4 d6 2. c4 Nf6 3. Nc3 g6 4. Bf4 Bg7 5. e3 Nbd7 6. Bd3 c5 7. Nge2 a6 8. 0-0 0-0 9. Rb1 Rb8 10. b4 cxb4 11. Rxb4 Nh5 12. h3 Nxf4 13. Nxf4 e5 14. dxe5 Nxe5 15. Be2 Nc6 16. Rb3 Na5 17. Ra3 Re8 18. Ncd5 Bd7 19. Qd2 Nc6 20. Rb3 Ne5 21. Rfb1 Bc6 22. Nb4 Ba4 23. Ra3 Qd7 24. Nfd5 Bc6 25. Rab3 Bxd5 26. Nxd5 Qc6 27. Nb6 Red8 28. f4 Nd7 29. Bf3 Qc5 30. Nxd7 Rxd7 31. Bxb7 Qxc4 32. Bd5 Rxb3 33. axb3 Qc5 34. Rc1 Qa3 35. Rc6 Qa1+ 36. Kf2 a5 37. Rc1 Qa3 38. Rc8+ Bf8 39. Ra8 Qb4 40. Qxb4 axb4 41. Rb8 Kg7 42. Rxb4 Be7 43. Ke2 Rc7 44. Kd3 Bf6 45. Rb7 Bd8 46. e4 f5 47. g4 fxe4+ 48. Bxe4 h6 49. b4 Kf6 50. Rb8 Be7 51. Rg8 g5 52. Rg6+ Kf7 53. f5 Bf6 54. Bd5+ Ke7 55. Rxh6 Rc3+ 56. Kd2 Ra3 57. b5 Bc3+ 58. Ke2 Bd4 59. Re6+ Kf8 60. Rxd6 Rxh3 61. b6 Re3+ 62. Kd2 Re5 63. b7 Ba7 64. Bc6 Ke7 65. Rd7+ Kf6 66. Rd8 Be3+ 67. Kd3 1-0

[Event "Scarborough CC-ch Reserves U1700"]
[Site "Toronto"]
[Date "2010.04.22"]
[Round "9"]
[White "Yie, Kevin Yi Xiao"]
[Black "Karpik, Steve"]
[Result "0-1"]
[WhiteElo "1176"]
[BlackElo "1486"]
[PlyCount "48"]
[EventDate "2010.02.25"]
[EventType "swiss"]
[EventRounds "9"]
[EventCountry "CAN"]
[SourceTitle "EXT 2022"]
[Source "ChessBase"]
[SourceDate "2021.10.06"]
[SourceVersion "1"]
[SourceVersionDate "2021.10.06"]
[SourceQuality "1"]

1. e4 d6 2. d4 Nf6 3. Nc3 g6 4. f4 Bg7 5. Nf3 0-0 6. Be3 Ng4 7. Qd2 Nxe3 8. Qxe3 Nd7 9. 0-0-0 c5 10. dxc5 Nxc5 11. e5 Qb6 12. exd6 Nb3+ 13. cxb3 Qxe3+ 14. Kc2 Bf5+ 15. Bd3 Qxf4 16. dxe7 Rfe8 17. Rhe1 Rac8 18. Re2 Rc7 19. Rde1 b5 20. Bxf5 Qxf5+ 21. Kd1 Bxc3 22. bxc3 Rxc3 23. Nh4 Qb1+ 24. Kd2 Qc2# 0-1

[Event "Scarborough CC-ch Reserves U1700"]
[Site "Toronto"]
[Date "2010.04.01"]
[Round "6"]
[White "Farhang, Arvin"]
[Black "Karpik, Steve"]
[Result "1-0"]
[WhiteElo "1604"]
[BlackElo "1486"]
[PlyCount "87"]
[EventDate "2010.02.25"]
[EventType "swiss"]
[EventRounds "9"]
[EventCountry "CAN"]
[SourceTitle "EXT 2022"]
[Source "ChessBase"]
[SourceDate "2021.10.06"]
[SourceVersion "1"]
[SourceVersionDate "2021.10.06"]
[SourceQuality "1"]

1. d4 d6 2. Nf3 Nf6 3. c4 g6 4. Nc3 Bg7 5. e4 a6 6. Be2 0-0 7. 0-0 Nbd7 8. a3 e5 9. d5 Nc5 10. Bd3 Nxd3 11. Qxd3 Nh5 12. Ne1 Nf4 13. Bxf4 exf4 14. Qd2 Bh6 15. Nd3 Qg5 16. Ne2 Bh3 17. g3 Bxf1 18. Rxf1 fxg3 19. Qxg5 gxh2+ 20. Kxh2 Bxg5 21. f4 Bh6 22. Ng1 Bg7 23. e5 dxe5 24. fxe5 Rfe8 25. Nf3 Rad8 26. Re1 b5 27. b3 bxc4 28. bxc4 Rb8 29. Nd4 h5 30. Kg3 Kh7 31. Kf4 Bh6+ 32. Ke4 Bd2 33. Rf1 f5+ 34. Kf3 f4 35. Ne6 Rb3 36. Ke4 Rxa3 37. Nxc7 Rc8 38. d6 Ra4 39. Kd5 Ba5 40. Rxf4 Bxc7 41. Rf7+ Kh6 42. Rxc7 Ra5+ 43. c5 Rb5 44. Rxc8 1-0